[Event "MMaS_2014_FIDE"]
[Site "?"]
[Date "2014.10.26"]
[Round "4.5"]
[White "Krejca, Jakub"]
[Black "Kotas, Marian"]
[Result "1-0"]
[WhiteElo "1887"]
[BlackElo "1494"]
[PlyCount "29"]
[EventDate "2014.10.25"]

1. e4 d6 2. d4 Nf6 3. Nc3 g6 4. Be3 Bg7 5. Qd2 O-O 6. f3 c6 7. g4 b5 8. O-O-O
Nbd7 9. h4 h5 10. e5 Ne8 11. gxh5 gxh5 12. Bh6 Bxh6 13. Qxh6 Ng7 14. Nh3 e6 15.
Rg1 1-0

[Event "MMaS_2014_FIDE"]
[Site "?"]
[Date "2014.10.26"]
[Round "4.6"]
[White "Pistovcakova, Aneta"]
[Black "Sramek, Ondrej"]
[Result "0-1"]
[WhiteElo "1671"]
[BlackElo "1863"]
[PlyCount "138"]
[EventDate "2014.10.25"]

1. e4 e5 2. Nf3 Nc6 3. Bc4 Nf6 4. d3 d5 5. exd5 Nxd5 6. c3 Be7 7. O-O O-O 8.
Re1 Bf6 9. Bb3 Bg4 10. Bc2 Re8 11. Nbd2 Nf4 12. Ne4 Ne6 13. h3 Bf5 14. Kh2 Qd7
15. Nxf6+ gxf6 16. Nh4 Bg6 17. Qg4 Nc5 18. Qxd7 Nxd7 19. Be3 Rad8 20. b4 Nb6
21. Nxg6 hxg6 22. a4 Nd5 23. Bd2 f5 24. b5 Nb8 25. c4 Nf6 26. Bc3 Nbd7 27. a5
Re6 28. Bb4 c6 29. bxc6 Rxc6 30. Ba4 Re6 31. Rab1 b6 32. Bc2 Nb8 33. Bc3 Nbd7
34. axb6 axb6 35. f4 e4 36. d4 Rc6 37. Bb3 b5 38. c5 Nf8 39. Rbd1 Nd5 40. Ba5
Rd7 41. Rb1 Ne6 42. g3 Nxd4 43. Bxd5 Rxd5 44. Red1 Nf3+ 45. Kg2 Rcxc5 46. Rxd5
Rxd5 47. Bb4 Rd4 48. Kf2 Rc4 49. Rb2 Kg7 50. Bd6 Rd4 51. Bb4 Rd3 52. Ba5 Nd4
53. Bb6 e3+ 54. Ke1 e2 55. Bxd4+ Rxd4 56. Kxe2 Rd5 57. Ke3 Kf6 58. Rb4 Ke6 59.
g4 fxg4 60. hxg4 f5 61. gxf5+ gxf5 62. Ke2 Kd6 63. Ke3 Kc5 64. Rb1 b4 65. Rc1+
Kb5 66. Rc8 Ka4 67. Ra8+ Kb3 68. Rb8 Ka3 69. Ra8+ Kb2 0-1

[Event "MMaS_2014_FIDE"]
[Site "?"]
[Date "2014.10.26"]
[Round "4.8"]
[White "Stefanik, Richard"]
[Black "Stonavsky, Filip"]
[Result "1/2-1/2"]
[WhiteElo "1736"]
[BlackElo "1728"]
[PlyCount "45"]
[EventDate "2014.10.25"]

1. e4 c5 2. c3 d6 3. d4 cxd4 4. cxd4 g6 5. Nf3 Bg7 6. Be2 Nc6 7. O-O Bg4 8. Be3
Nf6 9. Nc3 a6 10. a4 O-O 11. h3 Bd7 12. Qd2 e5 13. dxe5 dxe5 14. Bg5 Qe8 15.
Qd6 Qe6 16. Rad1 Qxd6 17. Rxd6 Be6 18. Rfd1 h6 19. Be3 Bb3 20. R1d2 Rfd8 21.
Bd1 Rxd6 22. Rxd6 Bxd1 23. Rxd1 1/2-1/2

[Event "MMaS_2014_FIDE"]
[Site "?"]
[Date "2014.10.26"]
[Round "4.10"]
[White "Netusil, Jan"]
[Black "Neumann, Filip"]
[Result "1-0"]
[WhiteElo "1837"]
[BlackElo "1509"]
[PlyCount "29"]
[EventDate "2014.10.25"]

1. e4 c5 2. Nc3 d6 3. f4 e6 4. Bc4 Nf6 5. Nf3 Be7 6. O-O O-O 7. d3 a6 8. a4 Nc6
9. Qe1 Bd7 10. Qg3 Qc7 11. f5 Kh8 12. Ng5 Nd8 13. Qh4 Re8 14. fxe6 Bxe6 15.
Rxf6 1-0

[Event "MMaS_2014_FIDE"]
[Site "?"]
[Date "2014.10.26"]
[Round "4.12"]
[White "Matejka, Frantisek"]
[Black "Neumann, Karel"]
[Result "1-0"]
[WhiteElo "1792"]
[BlackElo "1314"]
[PlyCount "81"]
[EventDate "2014.10.25"]

1. e4 e6 2. d4 d5 3. Nd2 c5 4. dxc5 Bxc5 5. Qg4 Nf6 6. Qxg7 Rg8 7. Qh6 Rg6 8.
Qh4 Qb6 9. e5 Ng8 10. Nb3 Qb4+ 11. Qxb4 Bxb4+ 12. c3 Be7 13. Nh3 h6 14. Nf4 Rg5
15. h4 Rxe5+ 16. Be3 b6 17. O-O-O Bb7 18. Bd3 Nc6 19. Nd4 Bc5 20. b4 Bd6 21.
Nf3 Rxe3 22. fxe3 Rc8 23. Kb2 Ke7 24. Rd2 Ne5 25. Rhd1 Nf6 26. Nd4 Nc4+ 27.
Bxc4 Rxc4 28. Nfe2 Ba6 29. b5 Bb7 30. Nc6+ Bxc6 31. bxc6 Rxc6 32. Nd4 Rc4 33.
Rf1 a6 34. Rdf2 Be5 35. g4 Nxg4 36. Rxf7+ Kd6 37. Rg1 h5 38. Rh7 Nf6 39. Rf7
Rc7 40. Rxf6 Kc5 41. Nxe6+ 1-0

[Event "MMaS_2014_FIDE"]
[Site "?"]
[Date "2014.10.26"]
[Round "4.13"]
[White "Dumek, Ales"]
[Black "Milfort, Vaclav"]
[Result "1/2-1/2"]
[WhiteElo "1339"]
[BlackElo "1604"]
[PlyCount "122"]
[EventDate "2014.10.25"]

1. e4 c5 2. Nf3 d6 3. Nc3 e6 4. d4 cxd4 5. Nxd4 a6 6. Bd3 Nf6 7. O-O Nc6 8.
Nxc6 bxc6 9. b3 Qc7 10. Ne2 e5 11. Ng3 Be7 12. Re1 a5 13. a4 h6 14. Be2 d5 15.
exd5 Nxd5 16. Bb2 O-O 17. Bf3 Bb4 18. Rxe5 Nc3 19. Qd4 Rd8 20. Qf4 Be6 21. Qe3
Rd7 22. Bxc3 Bxc3 23. Qxc3 Rad8 24. Ree1 Qb6 25. Nh5 Qd4 26. Qxd4 Rxd4 27. Rad1
c5 28. Rxd4 cxd4 29. Nf4 Bf5 30. Rd1 Bxc2 31. Rd2 Bxb3 32. Bd1 Bc4 33. f3 Kf8
34. Kf2 Ke7 35. Be2 Bb3 36. Bb5 Kf6 37. Ne2 Ke5 38. g3 g5 39. Nc1 Be6 40. Nd3+
Kd5 41. Nb2 Rc8 42. Bd3 f5 43. Bc4+ Rxc4 44. Nxc4 Kxc4 45. Rc2+ Kb3 46. Rc6 Bc4
47. Rxh6 d3 48. Ke1 Kc2 49. Rd6 Kb3 50. h4 gxh4 51. gxh4 Kxa4 52. h5 Bg8 53.
Rxd3 Kb4 54. Rd8 Bh7 55. h6 a4 56. Rb8+ Kc3 57. f4 a3 58. Kd1 a2 59. Rc8+ Kb2
60. Rb8+ Kc3 61. Rc8+ Kb2 1/2-1/2

[Event "MMaS_2014_FIDE"]
[Site "Hotel Dlouhé Stránì, Louèná n"]
[Date "2014.10.27"]
[Round "5.1"]
[White "Kislinsky, Alexey"]
[Black "Krejca, Jakub"]
[Result "1-0"]
[WhiteElo "2482"]
[BlackElo "1887"]
[PlyCount "63"]
[EventDate "2014.10.25"]

1. e4 e6 2. d4 d5 3. e5 c5 4. c3 Nc6 5. Nf3 Qb6 6. Na3 Bd7 7. Nc2 Nge7 8. Bd3
Ng6 9. h4 cxd4 10. cxd4 Nb4 11. Nxb4 Bxb4+ 12. Ke2 Bb5 13. h5 Ne7 14. a3 Qa6
15. h6 g6 16. Bg5 Ba5 17. Bf6 Rg8 18. b4 Bb6 19. a4 Bxd3+ 20. Qxd3 Rc8 21. Qxa6
bxa6 22. a5 Bd8 23. Ng5 Rc2+ 24. Kd3 Rxf2 25. Nxh7 Nf5 26. Bxd8 Kxd8 27. Ng5
Nxh6 28. Rxh6 Rxg2 29. Nxf7+ Ke7 30. Rh7 Rf8 31. Rc1 Rg3+ 32. Ke2 1-0

[Event "MMaS_2014_FIDE"]
[Site "Hotel Dlouhé Stránì, Louèná n"]
[Date "2014.10.27"]
[Round "5.2"]
[White "Effenberger, Adam"]
[Black "Nabelek, Marek"]
[Result "0-1"]
[WhiteElo "1786"]
[BlackElo "2270"]
[PlyCount "86"]
[EventDate "2014.10.25"]

1. e4 c5 2. Nf3 e6 3. d4 cxd4 4. Nxd4 Nf6 5. Nc3 Bb4 6. e5 Nd5 7. Qg4 O-O 8.
Bh6 g6 9. Qg3 Re8 10. Bd2 d6 11. Ne4 Bxd2+ 12. Nxd2 dxe5 13. Qxe5 Nd7 14. Qd6
N7f6 15. Qxd8 Rxd8 16. c3 e5 17. N4f3 e4 18. Nd4 e3 19. N2f3 Ne4 20. fxe3 Nxe3
21. Bd3 Nxg2+ 22. Kf1 Nc5 23. Kxg2 Nxd3 24. b3 b6 25. Rad1 Nf4+ 26. Kf2 Bb7 27.
Rhe1 Kf8 28. Ne5 a6 29. Kg3 Nh5+ 30. Kf2 Rac8 31. Re3 Nf6 32. Rde1 Kg7 33. Kg3
Rc7 34. R1e2 Bd5 35. Re1 Nh5+ 36. Kh4 Nf4 37. c4 Ng2+ 38. Kg3 Nxe3 39. Rxe3 Bb7
40. Rd3 Re8 41. Ndf3 Rce7 42. Nd7 Re3 43. Rd6 Rxf3+ 0-1

[Event "MMaS_2014_FIDE"]
[Site "Hotel Dlouhé Stránì, Louèná n"]
[Date "2014.10.27"]
[Round "5.3"]
[White "Sramek, Ondrej"]
[Black "Chytil, Petr"]
[Result "1-0"]
[WhiteElo "1863"]
[BlackElo "1751"]
[PlyCount "63"]
[EventDate "2014.10.25"]

1. e4 e6 2. d4 d5 3. Nd2 Nf6 4. e5 Nfd7 5. Bd3 c5 6. c3 Nc6 7. Ne2 Be7 8. Nf3
cxd4 9. cxd4 O-O 10. O-O Re8 11. Re1 f5 12. exf6 Nxf6 13. Nf4 Bd6 14. Bd2 Qc7
15. g3 e5 16. dxe5 Nxe5 17. Nxe5 Bxe5 18. Qb3 Rd8 19. Rac1 Qd6 20. Bb4 Qb8 21.
Be7 Bxf4 22. Bxd8 Bxc1 23. Bxf6 Qd6 24. Be7 Qd7 25. Bb5 Qc7 26. Qxd5+ Kh8 27.
Bd8 Be6 28. Bxc7 Bxd5 29. Rxc1 Rc8 30. Bf4 Rxc1+ 31. Bxc1 Bxa2 32. f4 1-0

[Event "MMaS_2014_FIDE"]
[Site "Hotel Dlouhé Stránì, Louèná n"]
[Date "2014.10.27"]
[Round "5.5"]
[White "Volek, Karel"]
[Black "Hajek, Oskar"]
[Result "0-1"]
[WhiteElo "1923"]
[BlackElo "2006"]
[PlyCount "64"]
[EventDate "2014.10.25"]

1. e4 c6 2. d4 d5 3. Nc3 dxe4 4. Nxe4 Bf5 5. Ng3 Bg6 6. Nf3 Nf6 7. Ne5 Nbd7 8.
Nxg6 hxg6 9. Bd3 e6 10. Ne4 Nxe4 11. Bxe4 Nf6 12. Bf3 Qc7 13. g3 O-O-O 14. c3
Bd6 15. Be3 Rh7 16. Qc2 Rdh8 17. O-O-O Rxh2 18. Rxh2 Rxh2 19. Rg1 Nd5 20. Qd3
Qa5 21. Kb1 Nxe3 22. Qxe3 Qf5+ 23. Kc1 g5 24. Rh1 Bxg3 25. Rxh2 Bf4 26. Rh8+
Kd7 27. Kd2 Bxe3+ 28. Kxe3 Qf4+ 29. Ke2 Qc1 30. Rb8 Qxb2+ 31. Kf1 f5 32. Rg8
Qxc3 0-1

[Event "MMaS_2014_FIDE"]
[Site "Hotel Dlouhé Stránì, Louèná n"]
[Date "2014.10.27"]
[Round "5.7"]
[White "Kotas, Marian"]
[Black "Netusil, Jan"]
[Result "0-1"]
[WhiteElo "1494"]
[BlackElo "1837"]
[PlyCount "34"]
[EventDate "2014.10.25"]

1. d3 d5 2. Nf3 Nf6 3. g3 Bg4 4. Bg2 e6 5. c3 c5 6. O-O Be7 7. Nbd2 O-O 8. Qa4
Nc6 9. e4 dxe4 10. dxe4 Bh5 11. e5 Nd5 12. Ne4 Bxf3 13. Bxf3 Nxe5 14. Bg2 Qc7
15. Bf4 Nxf4 16. gxf4 Nd3 17. Rad1 Rfd8 0-1

[Event "MMaS_2014_FIDE"]
[Site "Hotel Dlouhé Stránì, Louèná n"]
[Date "2014.10.27"]
[Round "5.8"]
[White "Krajicek, Filip"]
[Black "Matejka, Frantisek"]
[Result "1-0"]
[WhiteElo "1508"]
[BlackElo "1792"]
[PlyCount "81"]
[EventDate "2014.10.25"]

1. d4 Nf6 2. Nf3 e6 3. Bf4 a5 4. e3 Bb4+ 5. c3 Bd6 6. Bxd6 cxd6 7. Bd3 Qb6 8.
Qb3 Qxb3 9. axb3 b6 10. Nbd2 Ba6 11. Bxa6 Rxa6 12. Ke2 Nc6 13. b4 b5 14. bxa5
g5 15. Nxg5 h6 16. Nge4 Nxe4 17. Nxe4 Ke7 18. b4 f5 19. Nd2 Rg8 20. g3 h5 21.
Nf3 e5 22. Rhe1 e4 23. Nh4 Kf6 24. Ng2 Ne7 25. Nf4 Kg5 26. Rec1 Rc8 27. h3 Rc4
28. Kd2 d5 29. Ra3 Rcc6 30. Rh1 Rh6 31. Raa1 Rh8 32. Rag1 Kf6 33. g4 h4 34.
gxf5 Kxf5 35. Rg7 Kf6 36. Rhg1 Rh6 37. R7g5 Rd6 38. Re5 Rh8 39. Rgg5 Rg8 40.
Rxg8 Nxg8 41. Rxd5 1-0

[Event "MMaS_2014_FIDE"]
[Site "Hotel Dlouhé Stránì, Louèná n"]
[Date "2014.10.27"]
[Round "5.9"]
[White "Hadamek, Miroslav"]
[Black "Pistovcakova, Aneta"]
[Result "1/2-1/2"]
[WhiteElo "1745"]
[BlackElo "1671"]
[PlyCount "51"]
[EventDate "2014.10.25"]

1. e4 c5 2. Nc3 g6 3. Bc4 Bg7 4. Nf3 e6 5. O-O Nc6 6. d3 Nge7 7. Re1 d6 8. a3
O-O 9. Ne2 a6 10. c3 Na5 11. Ba2 b5 12. Be3 Rb8 13. Qd2 Nac6 14. Bh6 b4 15.
Bxg7 Kxg7 16. axb4 cxb4 17. cxb4 Nxb4 18. Qc3+ Kg8 19. h4 h5 20. Qd2 Kg7 21.
Qc3+ Kg8 22. Ng5 Nxa2 23. Rxa2 f6 24. Nf3 e5 25. Rc1 d5 26. Qc7 1/2-1/2

[Event "MMaS_2014_FIDE"]
[Site "Hotel Dlouhé Stránì, Louèná n"]
[Date "2014.10.27"]
[Round "5.12"]
[White "Neumann, Filip"]
[Black "Michalek, Miroslav"]
[Result "1/2-1/2"]
[WhiteElo "1509"]
[BlackElo "1793"]
[PlyCount "53"]
[EventDate "2014.10.25"]

1. e4 e5 2. Nf3 Nc6 3. Bb5 a6 4. Ba4 Nf6 5. O-O Be7 6. Re1 b5 7. Bb3 d6 8. h3
O-O 9. c3 Na5 10. Bc2 c5 11. d3 Qc7 12. a4 Bb7 13. Nbd2 Nc6 14. Nf1 Rfe8 15.
Ng3 g6 16. Bh6 Bf8 17. Bxf8 Rxf8 18. axb5 axb5 19. Qe2 b4 20. c4 Qe7 21. Qf1
Kg7 22. Rxa8 Rxa8 23. Ra1 Qd8 24. Qb1 Ra5 25. Ra4 Rxa4 26. Bxa4 Qa8 27. Qa2
1/2-1/2

[Event "MMaS_2014_FIDE"]
[Site "Hotel Dlouhé Stránì, Louèná n"]
[Date "2014.10.27"]
[Round "5.13"]
[White "Neumann, Karel"]
[Black "Milfort, Vaclav"]
[Result "0-1"]
[WhiteElo "1314"]
[BlackElo "1604"]
[PlyCount "60"]
[EventDate "2014.10.25"]

1. e4 c5 2. Nf3 d6 3. d4 cxd4 4. Nxd4 a6 5. Nc3 e6 6. Bd3 Nf6 7. O-O Be7 8. Nf3
Nc6 9. a3 b5 10. Re1 Qc7 11. Bd2 O-O 12. Ng5 h6 13. Nf3 Nd7 14. Bf4 Bb7 15. Be3
Na5 16. Nd2 Nc4 17. Nxc4 bxc4 18. Qe2 Rac8 19. Bf4 Rfe8 20. Rab1 e5 21. Bg3 Bg5
22. f3 Nf6 23. h4 Bf4 24. Bxf4 exf4 25. Kh1 Nh5 26. Kh2 Qe7 27. Qf2 Ng3 28. Kh3
Rc5 29. Nd5 Bc8+ 30. Kh2 Qxh4+ 0-1

[Event "MMaS_2014_FIDE"]
[Site "Hotel Dlouhé Stránì, Louèná n"]
[Date "2014.10.27"]
[Round "5.14"]
[White "Richterova, Natasa"]
[Black "Dumek, Ales"]
[Result "1/2-1/2"]
[WhiteElo "1171"]
[BlackElo "1339"]
[PlyCount "20"]
[EventDate "2014.10.25"]

1. d4 d5 2. c4 e6 3. Nf3 Nc6 4. Nc3 Nf6 5. a3 a6 6. Bg5 Be7 7. e3 O-O 8. Bf4
Nh5 9. Ne2 dxc4 10. Ne5 Nxf4 1/2-1/2

[Event "MMaS_2014_U12"]
[Site "?"]
[Date "2014.10.26"]
[Round "4.1"]
[White "Krejcok, Tobias"]
[Black "Kopec, Ladislav"]
[Result "1-0"]
[WhiteElo "1594"]
[BlackElo "1484"]
[PlyCount "87"]
[EventDate "2014.??.??"]

1. e4 c5 2. Nf3 Nc6 3. d4 cxd4 4. Nxd4 e5 5. Nb5 a6 6. Nd6+ Bxd6 7. Qxd6 Qf6 8.
Qd1 Qg6 9. Nc3 d5 10. Nxd5 Qxe4+ 11. Be2 Nd4 12. Nc7+ Ke7 13. Kf1 Nf6 14. Bg5
Bh3 15. f3 Bxg2+ 16. Kxg2 Qxe2+ 17. Qxe2 Nxe2 18. Nxa8 Rxa8 19. Rhe1 Nd4 20.
Rxe5+ Kd6 21. Ree1 Nxc2 22. Rad1+ Nd5 23. Rd2 Rc8 24. Red1 Rc5 25. Rc1 f6 26.
Rcxc2 Rxc2 27. Rxc2 fxg5 28. Rc8 Kd7 29. Rg8 g6 30. Rg7+ Kc6 31. Rxh7 b5 32.
Rh6 Kc5 33. Kf2 Nf4 34. Ke3 Nd5+ 35. Ke4 Nf4 36. h4 Ne6 37. Rxg6 Nd4 38. hxg5
a5 39. Rg8 Nc6 40. Rc8 Kd6 41. Rxc6+ Kxc6 42. g6 Kd6 43. g7 Ke7 44. g8=Q 1-0

[Event "MMaS_2014_U10"]
[Site "?"]
[Date "2014.10.25"]
[Round "1.1"]
[White "Vasinek, Martin"]
[Black "Vantuch, Lucian"]
[Result "0-1"]
[WhiteElo "1083"]
[BlackElo "1614"]
[PlyCount "62"]
[EventDate "2014.10.25"]

1. e3 d5 2. d4 c5 3. c3 Nc6 4. Nf3 Bg4 5. Be2 e6 6. Qb3 b6 7. h3 Bh5 8. Bb5 Qc7
9. Qa4 Nge7 10. Ne5 Rc8 11. Ba6 Rb8 12. Bb5 Rc8 13. Ba6 Rd8 14. Bb5 Rd6 15.
dxc5 bxc5 16. Nxc6 Nxc6 17. Bxc6+ Rxc6 18. Na3 a6 19. Qh4 Bg6 20. Qg3 Bd6 21.
Qh4 Bd3 22. Qg4 O-O 23. f3 Bg3+ 24. Kd2 Bf5 25. Qa4 c4 26. f4 Rd8 27. Rd1 Bd3
28. Qb4 Bxf4 29. exf4 Qxf4+ 30. Ke1 Qf1+ 31. Kd2 Qe2# 0-1

[Event "MMaS_2014_U10"]
[Site "?"]
[Date "2014.10.25"]
[Round "1.2"]
[White "Frank, Adam"]
[Black "Londin, Lukas Vojtech"]
[Result "1-0"]
[WhiteElo "1510"]
[BlackElo "1060"]
[PlyCount "41"]
[EventDate "2014.10.25"]

1. e4 e5 2. Nf3 Nc6 3. Bb5 d6 4. O-O Bd7 5. c3 a6 6. Ba4 Nf6 7. Re1 g6 8. d4
Bg7 9. Bg5 O-O 10. Bxc6 Bxc6 11. dxe5 dxe5 12. Qxd8 Raxd8 13. Nxe5 Rd6 14. Nxc6
Rxc6 15. Nd2 Rd8 16. e5 Rxd2 17. Bxd2 Nd7 18. Bf4 Re6 19. Rad1 Nb6 20. Rd8+ Bf8
21. Bh6 1-0

[Event "MMaS_2014_U10"]
[Site "?"]
[Date "2014.10.25"]
[Round "1.3"]
[White "Cimburek, Jan"]
[Black "Vavra, Jan  "]
[Result "0-1"]
[WhiteElo "1049"]
[BlackElo "1440"]
[PlyCount "40"]
[EventDate "2014.10.25"]

1. e4 e5 2. Nf3 Nc6 3. Nc3 Nf6 4. Bc4 Nxe4 5. Nxe4 d5 6. Bd3 dxe4 7. Bxe4 Bg4
8. d3 Bc5 9. Qe2 Nd4 10. Qd2 Qf6 11. Qg5 Qxg5 12. Nxg5 Nxc2+ 13. Kd2 Nxa1 14.
Bxb7 Bb4+ 15. Ke3 Nc2+ 16. Ke4 Rd8 17. Bd5 Rd7 18. f3 f5+ 19. Kxe5 Re7+ 20. Kf4
Bd6# 0-1

[Event "MMaS_2014_U10"]
[Site "?"]
[Date "2014.10.25"]
[Round "1.4"]
[White "Faja, Vilem"]
[Black "Kanak, Matyas"]
[Result "1-0"]
[WhiteElo "1386"]
[BlackElo "1017"]
[PlyCount "65"]
[EventDate "2014.10.25"]

1. d4 d5 2. c4 Nf6 3. Nc3 c6 4. Bf4 Bf5 5. e3 e6 6. Nf3 Bb4 7. a3 Ba5 8. b4 Bb6
9. Be2 O-O 10. O-O Re8 11. Ne5 h6 12. Bh5 Kh8 13. Nxf7+ Kg8 14. Nxd8 Rxd8 15.
c5 Bxc5 16. bxc5 b6 17. cxb6 axb6 18. Bc7 Rd7 19. Bxb6 Ra6 20. Bc5 Rb7 21. Be2
Rb3 22. Qxb3 Nbd7 23. Bxa6 Nxc5 24. dxc5 Nd7 25. Qb7 Nxc5 26. Qxc6 Nb3 27. Rad1
Bc2 28. Qxe6+ Kh7 29. Rxd5 Na1 30. Rfd1 Bb3 31. Qf5+ g6 32. Qf7+ Kh8 33. Rd8#
1-0

[Event "MMaS_2014_U10"]
[Site "?"]
[Date "2014.10.25"]
[Round "1.5"]
[White "Bastincova, Hana"]
[Black "Vecera, Dominik"]
[Result "0-1"]
[WhiteElo "1016"]
[BlackElo "1287"]
[PlyCount "58"]
[EventDate "2014.10.25"]

1. e4 e5 2. Nf3 Nc6 3. Nc3 Nf6 4. Bb5 Bb4 5. d3 d6 6. Bg5 Bxc3+ 7. bxc3 Bg4 8.
Bxc6+ bxc6 9. Rb1 O-O 10. O-O Qe7 11. Re1 Rab8 12. Qe2 Rfe8 13. d4 exd4 14. e5
dxe5 15. cxd4 e4 16. h3 Rxb1 17. Rxb1 Bxf3 18. gxf3 Qe6 19. Kg2 Qf5 20. Bh4 Nd5
21. Qd2 e3 22. Qd3 Nf4+ 23. Kf1 Nxd3 24. Ke2 Nf4+ 25. Kd1 e2+ 26. Ke1 Ng2+ 27.
Kd2 e1=Q+ 28. Rxe1 Rxe1 29. Kc3 Rc1 0-1

[Event "MMaS_2014_U10"]
[Site "?"]
[Date "2014.10.25"]
[Round "1.6"]
[White "Kolar, Jan"]
[Black "Broz, Jan"]
[Result "1-0"]
[WhiteElo "1274"]
[BlackElo "1000"]
[PlyCount "69"]
[EventDate "2014.10.25"]

1. e4 e5 2. Nf3 Nc6 3. Nc3 Bc5 4. Bc4 Nf6 5. d3 d6 6. Bg5 Bg4 7. Bb5 O-O 8.
Bxc6 bxc6 9. O-O h6 10. Bh4 Rb8 11. Rb1 Bd4 12. Qe2 Bxc3 13. bxc3 d5 14. h3 Bh5
15. Kh1 Qd6 16. Rb3 Nd7 17. Rd1 Nc5 18. Rb4 a5 19. Rxb8 Rxb8 20. Bg3 Qf6 21.
Bxe5 Qxe5 22. g4 Bxg4 23. hxg4 Qf4 24. exd5 cxd5 25. Nd4 Nd7 26. Nc6 Rb6 27.
Ne7+ Kf8 28. Nxd5 Qg5 29. Nxb6 cxb6 30. Re1 Nf6 31. Qe7+ Kg8 32. Qd8+ Kh7 33.
Qxb6 Nxg4 34. Rg1 Nxf2+ 35. Qxf2 1-0

[Event "MMaS_2014_U10"]
[Site "?"]
[Date "2014.10.25"]
[Round "1.7"]
[White "Ivanov, Alexandr"]
[Black "Babula, Vlastimil"]
[Result "0-1"]
[WhiteElo "1000"]
[BlackElo "1238"]
[PlyCount "46"]
[EventDate "2014.10.25"]

1. e4 e5 2. Nf3 Nc6 3. c3 Nf6 4. Bd3 d5 5. c4 dxe4 6. Be2 exf3 7. Bxf3 Bc5 8.
O-O O-O 9. Nc3 Be6 10. d3 h6 11. Qd2 Nd4 12. Qc2 Nxc2 13. Rb1 Qxd3 14. Rd1 Qxc4
15. b3 Qxc3 16. Bb2 Qa5 17. Rf1 Qxa2 18. Bxe5 Bxb3 19. Ra1 Nxa1 20. Rxa1 Qxf2+
21. Kh1 Bd5 22. Bxd5 Ng4 23. Ra2 Qg1# 0-1

[Event "MMaS_2014_U10"]
[Site "?"]
[Date "2014.10.25"]
[Round "1.8"]
[White "Fizer, Marek"]
[Black "Kopecky, Matej"]
[Result "1-0"]
[WhiteElo "1135"]
[BlackElo "1000"]
[PlyCount "41"]
[EventDate "2014.10.25"]

1. e4 e5 2. f4 exf4 3. Nf3 Nc6 4. d4 Nf6 5. Bd3 d5 6. e5 Nd7 7. O-O b6 8. Bxf4
Bb7 9. Re1 Be7 10. e6 Nf6 11. exf7+ Kxf7 12. Ng5+ Ke8 13. Qf3 Nxd4 14. Qe3 Nc6
15. Ne6 Qd7 16. Nxc7+ Kd8 17. Qg3 Rc8 18. Ne6+ Ke8 19. Qxg7 Nb4 20. Qxh8+ Kf7
21. Ng5# 1-0

[Event "MMaS_2014_U10"]
[Site "?"]
[Date "2014.10.25"]
[Round "1.9"]
[White "Kubala, Pavel"]
[Black "Reznicek, Stepan"]
[Result "0-1"]
[WhiteElo "1000"]
[BlackElo "1130"]
[PlyCount "60"]
[EventDate "2014.10.25"]

1. e4 e5 2. Nf3 Nc6 3. d4 exd4 4. Nxd4 Nf6 5. Bg5 Bc5 6. c3 d6 7. Bc4 O-O 8.
O-O Bg4 9. f3 Be6 10. Kh1 Bxc4 11. Nxc6 bxc6 12. Re1 Bf2 13. Nd2 Bxe1 14. Qxe1
d5 15. e5 h6 16. exf6 hxg5 17. fxg7 Re8 18. Qg3 Qe7 19. Nxc4 dxc4 20. h3 Qe5
21. Qg4 Qxg7 22. h4 gxh4 23. Kh2 Qxg4 24. fxg4 Re4 25. Kh3 Rae8 26. Kxh4 Re1
27. Rxe1 Rxe1 28. g5 Rb1 29. Kg4 Rxb2 30. Kh5 Rxg2 0-1

[Event "MMaS_2014_U10"]
[Site "?"]
[Date "2014.10.25"]
[Round "1.10"]
[White "Tajovsky, Simon"]
[Black "Kubiczek, Michal"]
[Result "1-0"]
[WhiteElo "1125"]
[BlackElo "1000"]
[PlyCount "59"]
[EventDate "2014.10.25"]

1. d4 d5 2. c4 dxc4 3. e3 Bf5 4. Nc3 Nc6 5. Nf3 Nf6 6. Bxc4 e6 7. O-O Bd6 8.
Re1 O-O 9. e4 Bg4 10. h3 Bxf3 11. Qxf3 e5 12. d5 Nd4 13. Qd3 Bb4 14. a3 Bxc3
15. bxc3 Nb3 16. Bxb3 c6 17. Bg5 cxd5 18. Bxd5 h6 19. Bh4 Qb6 20. Rab1 Qa6 21.
Bxb7 Qxd3 22. Bxa8 Nxe4 23. Bxe4 Qxc3 24. Re3 Qd2 25. Rg3 Qf4 26. Be7 Re8 27.
f3 Qxg3 28. Bd3 Rxe7 29. Rb8+ Re8 30. Rxe8# 1-0

[Event "MMaS_2014_U10"]
[Site "?"]
[Date "2014.10.25"]
[Round "2.1"]
[White "Vantuch, Lucian"]
[Black "Tajovsky, Simon"]
[Result "1-0"]
[WhiteElo "1614"]
[BlackElo "1125"]
[PlyCount "67"]
[EventDate "2014.10.25"]

1. e4 c5 2. d4 cxd4 3. c3 d5 4. exd5 Qxd5 5. cxd4 Nc6 6. Nf3 Bg4 7. Be3 e6 8.
Nc3 Qa5 9. a3 Nf6 10. Bb5 Qd8 11. O-O Be7 12. Bxc6+ bxc6 13. Rc1 O-O 14. Nb1
Rb8 15. Rc2 Ne4 16. Nbd2 Nd6 17. Bf4 Bf6 18. Rxc6 Nf5 19. Bxb8 Qxb8 20. Qc2
Bxd4 21. Rc1 g6 22. Rc8 Rxc8 23. Qxc8+ Qxc8 24. Rxc8+ Kg7 25. Nxd4 Nxd4 26. f3
Bf5 27. Kf2 e5 28. Rc7 Kf6 29. Ne4+ Ke6 30. Ng5+ Kf6 31. Nxh7+ Kg7 32. Ng5 Kf6
33. Ne4+ Ke6 34. Rxa7 1-0

[Event "MMaS_2014_U10"]
[Site "?"]
[Date "2014.10.25"]
[Round "2.2"]
[White "Habinova, Alice"]
[Black "Frank, Adam"]
[Result "0-1"]
[WhiteElo "1124"]
[BlackElo "1510"]
[PlyCount "56"]
[EventDate "2014.10.25"]

1. e4 e5 2. Nf3 Nc6 3. d4 exd4 4. Bc4 Nf6 5. O-O d6 6. Bf4 Bg4 7. h3 Bh5 8. Re1
Ne5 9. Be2 Nxf3+ 10. Bxf3 Bxf3 11. Qxf3 Qd7 12. e5 dxe5 13. Rxe5+ Be7 14. Bg5
O-O-O 15. Nd2 Bd6 16. Rf5 Be7 17. c4 dxc3 18. Nc4 cxb2 19. Nxb2 h6 20. Bh4 Qd4
21. Rb5 c6 22. Qf5+ Qd7 23. Qxd7+ Rxd7 24. Re5 g5 25. Bg3 Nh5 26. Bh2 Bf6 27.
Re2 Rhd8 28. Rae1 Rd2 0-1

[Event "MMaS_2014_U10"]
[Site "?"]
[Date "2014.10.25"]
[Round "2.3"]
[White "Vavra, Jan  "]
[Black "Nedela, Adam"]
[Result "0-1"]
[WhiteElo "1440"]
[BlackElo "1122"]
[PlyCount "88"]
[EventDate "2014.10.25"]

1. e4 c5 2. Bc4 Nc6 3. Nf3 g6 4. Nc3 Bg7 5. d3 Nf6 6. Be3 b6 7. d4 cxd4 8. Nxd4
Nxd4 9. Qxd4 O-O 10. O-O Re8 11. f4 d6 12. Rad1 Bb7 13. f5 Nxe4 14. Qd3 Nc5 15.
Qe2 d5 16. Bxd5 Bxd5 17. Rxd5 Qc8 18. Qf2 Rd8 19. Bxc5 Rxd5 20. Nxd5 Qxc5 21.
Qxc5 bxc5 22. Nxe7+ Kf8 23. Nd5 Bxb2 24. c3 Rd8 25. c4 gxf5 26. Rxf5 Re8 27.
Kf2 Kg7 28. Kf3 f6 29. g4 Re5 30. Nxf6 Rxf5+ 31. gxf5 Kxf6 32. Kf4 Bc1+ 33. Ke4
h5 34. h3 h4 35. Kd5 Kxf5 36. Kxc5 Ke6 37. a4 a5 38. Kb5 Bd2 39. Kc6 Bf4 40.
Kc5 Ke7 41. Kb6 Kd8 42. c5 Bc7+ 43. Kb7 Kd7 44. Ka6 Kc6 0-1

[Event "MMaS_2014_U10"]
[Site "?"]
[Date "2014.10.25"]
[Round "2.4"]
[White "Richter, Rudolf"]
[Black "Faja, Vilem"]
[Result "0-1"]
[WhiteElo "1108"]
[BlackElo "1386"]
[PlyCount "62"]
[EventDate "2014.10.25"]

1. e4 c5 2. Nf3 d6 3. Bc4 Nf6 4. d3 e6 5. O-O Be7 6. c3 d5 7. Bb5+ Bd7 8. Qa4
Bxb5 9. Qxb5+ Qd7 10. Qxd7+ Nbxd7 11. Bg5 dxe4 12. dxe4 Nxe4 13. Bxe7 Kxe7 14.
Re1 Ndf6 15. Nbd2 Nxd2 16. Nxd2 Rad8 17. Nc4 Rhe8 18. Re5 b5 19. Na5 Rd5 20.
Nc6+ Kd6 21. Rxd5+ Nxd5 22. Nxa7 Rb8 23. Nxb5+ Rxb5 24. c4 Rxb2 25. cxd5 exd5
26. g3 c4 27. a4 c3 28. a5 c2 29. a6 Rb1+ 30. Rxb1 cxb1=Q+ 31. Kg2 Qa2 0-1

[Event "MMaS_2014_U10"]
[Site "?"]
[Date "2014.10.25"]
[Round "2.5"]
[White "Vecera, Dominik"]
[Black "Havel, Vojtech"]
[Result "1-0"]
[WhiteElo "1287"]
[BlackElo "1100"]
[PlyCount "47"]
[EventDate "2014.10.25"]

1. e4 e5 2. Nf3 Nc6 3. Nc3 Nf6 4. Bb5 Bc5 5. Nxe5 Nxe5 6. d4 Bxd4 7. Qxd4 Qe7
8. Bg5 O-O 9. Nd5 Qe8 10. Nxc7 Qe7 11. Nxa8 d6 12. f4 Nc6 13. Bxc6 bxc6 14. e5
c5 15. Qe3 h6 16. Bxf6 gxf6 17. O-O-O dxe5 18. fxe5 fxe5 19. Qg3+ Kh8 20. Rhe1
Bb7 21. Rxe5 Qc7 22. Nxc7 Rg8 23. Qe3 f6 24. Qxh6# 1-0